| 000 | 00513nam a22001697a 4500 | ||
|---|---|---|---|
| 005 | 20251108173452.0 | ||
| 008 | 250721s1986 xx 000 0 ara d | ||
| 082 | 1 | 4 | _a631.2/صغي |
| 100 | 1 | _aالصغير، منير | |
| 245 | 1 | 0 | _aمصدات الرياح و الأحزمة الواقية / |
| 264 | 1 |
_aليبيا : _bالدار الجماهيرية للنشر والتوزيع، _c1986. |
|
| 300 | _a116.ص | ||
| 650 | 1 | 7 | _aالرياح |
| 650 | 1 | 7 | _aالزراعة |
| 942 |
_2ddc _cBK |
||
| 999 |
_c104625 _d104625 |
||